000 00563nam a2200157 a 4500
001 000038509
005 20201002031300.0
008 130412s2012 dr 000 0 spa d
020 _a9789993439615
040 _aDO-SdBNP
_bspa
_cBNPHU
100 1 _aMelo Villalona, Orlando
_964860
245 1 4 _aUna historia de vida :
_btestimonio de un adolscente que venció la leucemia /
_cOrlando Melo Villalona.
260 _aSanto Domingo :
_bLibrería la Trinitaria,
_c2012.
300 _a59 p. ;
_c22 cm.
500 _aIncluye datos biográficos del autor en la contracubierta
999 _c37999
_d37999